Lessons of tax reform (Record no. 542030)

000 -LEADER
fixed length control field 00544cam a2200169La 4500
020 ## - INTERNATIONAL STANDARD BOOK NUMBER
International Standard Book Number 0585181322 (electronic bk.)
082 04 - DEWEY DECIMAL CLASSIFICATION NUMBER
Classification number 336.2/05/091724
Author Mark LES
-- D
245 00 - TITLE STATEMENT
Title Lessons of tax reform
260 ## - PUBLICATION, DISTRIBUTION, ETC.
Place of publication, distribution, etc. Washington, D.C. :
Name of publisher, distributor, etc. World Bank,
Date of publication, distribution, etc. c1991.
300 ## - PHYSICAL DESCRIPTION
Extent v, 85 p. ;
Dimensions 23 cm.
526 ## - STUDY PROGRAM INFORMATION NOTE
Program name 0
Interest level 0
Reading level 0
Title point value 336_205091724000000_LES
650 #0 - SUBJECT ADDED ENTRY--TOPICAL TERM
Topical term or geographic name entry element Taxation
Geographic subdivision Developing countries.
9 (RLIN) 37113
710 2# - ADDED ENTRY--CORPORATE NAME
Corporate name or jurisdiction name as entry element NetLibrary, Inc.
9 (RLIN) 35918
710 2# - ADDED ENTRY--CORPORATE NAME
Corporate name or jurisdiction name as entry element World Bank.
9 (RLIN) 4999
856 4# - ELECTRONIC LOCATION AND ACCESS
Uniform Resource Identifier <a href="http://www.columbia.edu/cgi-bin/cul/resolve?clio4249743">http://www.columbia.edu/cgi-bin/cul/resolve?clio4249743</a>
942 ## - ADDED ENTRY ELEMENTS (KOHA)
Source of classification or shelving scheme
Koha item type Book
Holdings
Withdrawn status Lost status Source of classification or shelving scheme Damaged status Not for loan Permanent Location Current Location Date acquired Total Checkouts Full call number Barcode Date last seen Copy number Price effective from Koha item type
          Military College of Engineering (MCE) Military College of Engineering (MCE) 09/18/2013   336.2/05/091724 LES MCE-42553 09/18/2013 1 09/18/2013 Book
© 2023 Central Library, National University of Sciences and Technology. All Rights Reserved.